| Поле | Инд. | ПП | Название | Значение |
|---|---|---|---|---|
| Тип записи | a | |||
| Библиографический уровень | m | |||
| 001 | Контрольный номер | RU/LIBMSTU/293624723 | ||
| 005 | Дата корректировки | 20160127104211.4 | ||
| 008 | Кодируемые данные | 090423|||||||||ru |||||||||||000|||rus|| | ||
| 020 | a | ISBN | 978-5-8199-0332-2 (Форум) | |
| 020 | a | ISBN | 978-5-16-003147-7 (Инфра-М) | |
| c | Цена, тираж | 159-72 | ||
| 040 | b | Код языка каталог. | rus | |
| 041 | a | Код языка текста | rus | |
| 084 | a | Индекс другой классификации/Индекс ББК | 66.04 | |
| 090 | a | Полочн. индекс | 66 | |
| x | Авторский знак | К 59 | ||
| 100 | 1_ | a | Автор | Козырев Г. И. |
| 245 | 10 | a | Заглавие | Политическая конфликтология |
| b | Продолж. заглавия | учеб. пособие для вузов | ||
| 260 | a | Место издания | Москва | |
| b | Издательство | Форум : Инфра-М | ||
| c | Дата издания | 2008 | ||
| 300 | a | Объем | 430 с. | |
| 440 | a | Серия | Высшее образование | |
| 504 | a | Библиография | Библиогр.: с. 376-381 | |
| 650 | a | Основная рубрика | Конфликт политический-Учебные издания для высших учебных заведений | |
| 653 | a | Ключевые слова | Конфликт политический | |
| 653 | 1_ | a | Ключевые слова | Политический конфликт |
| 653 | 1_ | a | Ключевые слова | Конфликтология |
| 653 | 1_ | a | Ключевые слова | Политическая борьба |
| 653 | 1_ | a | Ключевые слова | Насилие |
| 653 | 1_ | a | Ключевые слова | Межличностные конфликты |
| 653 | 1_ | a | Ключевые слова | Управление конфликтами |
| 653 | 1_ | a | Ключевые слова | Социально-трудовые конфликты |
| 653 | 1_ | a | Ключевые слова | Межэтнические конфликты |
| 653 | 1_ | a | Ключевые слова | Переговоры |
| 901 | t | Тип документа | m | |
| 952 | b | Гриф литературы для ВШ | Рекомендовано УМО | |
| c | Вид литературы | учебное пособие |